| 000 | 01430nam a22003857a 4500 | ||
|---|---|---|---|
| 003 | CHAP | ||
| 005 | 20220329143547.0 | ||
| 008 | 100531s2008 mx a r 00010 spa d | ||
| 010 | _a98555 | ||
| 011 | _a99527 | ||
| 020 | _a9786074250732 | ||
| 035 | _a110213 | ||
| 040 | _cCHAP | ||
| 090 | _aFolleto 17684 | ||
| 100 | 1 |
_aEspinosa Paz, Horacio _937977 |
|
| 245 | 1 | 0 |
_aPrácticas de conservación de suelo y agua en maguey mezcalero cultivado en laderas _c/por Horacio Espinosa Paz, Carlos Arredondo Velázquez y Ernesto Bravo Mosqueda |
| 260 |
_aEtla, Oax. : _bINIFAP. Campo Experimental Valles Centrales de Oaxaca, _c2008 |
||
| 300 |
_a38 p. : _bilus., cuadros, gráfs. |
||
| 490 | 0 |
_aFolleto técnico _v; 13 |
|
| 590 |
_aBATCH-UPD _b10 _c20130110 _lUCH01 _h1039 |
||
| 590 |
_aBATCH-UPD _b10 _c20130410 _lUCH01 _h0639 |
||
| 590 |
_aBATCH-UPD _b10 _c20130913 _lUCH01 _h2001 |
||
| 590 |
_aCONVERSION _b10 _c20130109 _lUCH01 _h1354 |
||
| 650 | 1 | 4 |
_aAgave mezcalero. _91105 |
| 650 | 1 | 4 |
_aAgricultura de laderas. _91996 |
| 650 | 1 | 4 |
_aAgua _xConservacion. _92319 |
| 650 | 1 | 4 |
_aSuelos _xConservación. _9110283 |
| 700 | 0 |
_aArredondo Velázquez, Carlos. _97419 |
|
| 700 | 0 |
_aBravo Mosqueda, Ernesto. _915148 |
|
| 830 | 0 |
_aFolleto técnico _v; 13 _942067 |
|
| 901 | _aBK | ||
| 942 | _cFOLL | ||
| 949 |
_aFolleto 17684 _bBC _cFOLL _d33724002179462 _eTS2 _fc.2 _i110213 _si |
||
| 949 |
_aFolleto 17684 _bBC _cFOLL _d33724002179504 _eTS1 _i110213 _sb |
||
| 999 |
_c98555 _d98555 |
||